| 000 | 01041nam a22002657a 4500 | ||
|---|---|---|---|
| 003 | DO-SdBNP | ||
| 005 | 20171129094900.0 | ||
| 008 | 171129b 1976 sp ||||| |||| 00| 0 spa d | ||
| 020 | _a8429310274 | ||
| 040 |
_aBPMSU _bspa _cBPMSU |
||
| 092 |
_axxxx _bxxxx |
||
| 100 | 1 |
_aBillings, John . _d1918-2007. |
|
| 240 | 1 | 0 |
_aThe ovulation method _lEspañol |
| 245 | 1 | 0 |
_aRegulación natural de la natalidad : _bmétodo de la ovulación : para obtener o evitar un embarazo usando una técnica natural, segura, de fácil práctica y moralmente lícita / _cpor el Dr. John Billings , traducción de Gonzalo Higuera |
| 250 | _a2a ed. | ||
| 260 |
_aSantander : _bSal Terrae, _c1976. |
||
| 300 |
_a95 p. : i _b il. ; _c22 cm. |
||
| 500 | _aIncluye datos biográficos del autor en la solapa de la contracubierta. | ||
| 504 | _aBibliografía : p. 79-80 | ||
| 650 | 4 | _aControl de natalidad | |
| 700 | 1 | 2 |
_a Higuera, Gonzalo, _etr. |
| 942 |
_2ddc _cBK |
||
| 945 | _aInventariado general 2017/LP | ||
| 956 |
_aLOPEREZ _b10 _c20171129 _d0041 |
||
| 999 |
_c13193 _d13193 |
||